000 01396nam0a22002651 4500
001 rc\364010
005 20260407131030.0
035 _a(NLR Aleph) 005594631
090 _a6248732
_c6248732
100 _a20030307d1989 |||y0rusy50 ca
101 0 _arus
102 _aRU
105 _ay |||||||||
200 1 _aСтруктурная перестройка общественного производства
_eМетод. рекомендации в помощь пропагандистам по курсу "Интенсификация экономики потреб. кооперации: вопросы теории и практики"
_f[Разраб. Г.И. Башняниным, Р.П. Шевчиком]
210 _aМ.
_cЦУМК Центросоюза
_d1989
215 _a30 с.
_d20
225 1 _aСистема производственно-экономической учебы
_fЦентросоюз СССР, Совет по произв.-экон. обучению, Центр. учеб.-метод. каб.
320 _aБиблиогр.: с. 29-30
702 1 _aБашнянин
_bГ.И.
_4570
712 0 2 _aЦентросоюз
_bСовет по производственно-экономическому обучению
_3RU\NLR\AUTH\889980954
_9458120
801 0 _aRU
_bNLR
_gpsbo
801 1 _aRU
_bELAR
_2rusmarc
852 _aNLR
_j89-4/4483
942 _cBOOK
980 _aNB